Spell the Marvel Character #161 - Statistics

General Stats
  • This quiz has been taken 14 times
  • The average score is 6 of 8
Answer Stats
Picture Answer % Correct
Thing
100%
Iceman
83%
Okoye
83%
H.E.R.B.I.E.
75%
Rocket Raccoon
75%
Spider-Boy
75%
Darkhawk
58%
Thordis
58%
No matching quizzes found
Score Distribution
Percent of People with Each Score
Percentile by Number Answered
Your Score History
You have not taken this quiz